000 00482nam a2200193 a 4500
005 20140412111234.0
008 000829s19uu xx 00 eng d
020 _a0-7496-0644-4
050 _aREF 030
_bFi44Wi 1992
100 _aPalmer, Joy
245 _aFirst starts :
_cJoy Palmer.
_bwind /
260 _aLondon :
_bWatts Books,
_c1992.
300 _a32 p.
440 _aFirst Starts
500 _aIncludes index
650 _aWeather
650 _aWinds
999 _c102355
_d102355